OPEP: Imperialismo y tercer mundo /
Guardat en:
| Autor principal: | |
|---|---|
| Autor corporatiu: | , |
| Format: | Text |
| Publicat: |
Lima:
DESCO
|
| Etiquetes: |
Afegir etiqueta
Sense etiquetes, Sigues el primer a etiquetar aquest registre!
|
MARC
| LEADER | 00000 a a2200000 04500 | ||
|---|---|---|---|
| 001 | 22485 | ||
| 003 | |||
| 040 | |||
| 090 | |a 153700 | ||
| 100 | |a Rubio Correa, Marcial | ||
| 110 | |a Centro de Estudios y Promoción del Desarrollo | ||
| 245 | |a OPEP: Imperialismo y tercer mundo / |c Centro de Estudios y Promoción del Desarrollo | ||
| 260 | |a Lima: |b DESCO | ||
| 300 | |a 159 p | ||
| 710 | |a DESCO | ||
| 999 | |c 15131 |d 15131 | ||
